La voz del amo

Saved in:
Bibliografiske detaljer
Hovedforfatter: Collyer, Jaime (Author)
Format: Bog
Sprog:spansk
Udgivet: Santiago Planeta Chilena 2005
Udgivelse:1a. ed
Serier:Seix Barral Biblioteca Breve
Fag:
Tags: Tilføj Tag
Ingen Tags, Vær først til at tagge denne postø!

MARC

LEADER 00000nam a2200000 a 4500
001 UCK6974
003 CL-VaPUC
008 051028e20050000CL |||||||||||||||||spa|d
020 |a 9562473732 
082 0 4 |a Ch863  |b COL  |2 21 
100 0 |a Collyer, Jaime  |e author  |9 496444 
245 1 3 |a La voz del amo 
250 |a 1a. ed 
300 |a 317 p 
942 |c BK 
945 |d 20051028 00:00:00  |a cmena 
260 |a Santiago  |b Planeta Chilena  |c 2005 
650 0 |a Novelas chilenas   |9 265425 
650 0 |a Literatura chilena   |9 308278 
583 |a last modification  |c 20051028 00:00:00  |k Rodrigo Vera 
490 0 |a Seix Barral Biblioteca Breve 
999 |c 315068  |d 315066 
952 |0 0  |1 0  |4 0  |6 CH_863_000000000000000_COL_2005  |7 0  |8 A  |9 387979  |a FDOPOS  |b FDOPOS  |d 2019-11-22  |i 4178149  |o Ch863 COL 2005  |p 4178149  |r 2025-01-22  |w 2019-11-22  |y BK  |k MLH